| 000 | 00493nam a2200157 4500 | ||
|---|---|---|---|
| 001 | 118522 | ||
| 003 | ES-MaACL | ||
| 005 | 20230906191122.0 | ||
| 007 | t| | ||
| 008 | 070214s1951 sp r ||||1| spa d | ||
| 100 | 1 |
_aPareja Obregón, Juan de Dios. _989066 |
|
| 245 | 1 | 0 |
_aRomances de junco y adelfa / _cJuan Pareja-Obregón. |
| 260 |
_a[S. l.] : _b[s. n.], _c1951 ( _eSevilla : _fimp. Raimundo) |
||
| 300 |
_a63 p., 5 lám. : _bretr. aut. ; _c21 cm. |
||
| 852 |
_aES-MaACL _j1926-F-9 _bR.31011 |
||
| 999 |
_c118522 _d118522 |
||